000 00892cam a22002771 4500
001 602
003 BD-RjUL
005 20211208233214.0
008 131129s1964 ne 000 0 eng
035 _a(BD-RjUL) 620
040 _aDLC
_cODaU
_dDLC
_dBD-RjUL
_beng
041 _aeng
082 _a020.9492
_221
_bFDO 1964
100 1 _aDuyvis, F. Donker
_d1894-
_91842
110 _aNetherlands Institute for Documentation and Filing.
_94758
245 0 0 _aF. Donker Duyvis :
_bhis life and work /
_cby F. Donker Duyvis
260 _aThe Hague :
_bNetherlands Institute for Documentation and Filing,
_c1964.
300 _a 80 p. ;
_c24 cm.
490 0 _a Publication series 2.
504 _aIncludes bibliography
600 _dDuyvis, Donker F.
_94759
650 0 _aLibrary science -- Netherlands -- History.
_91843
942 _2ddc
_cBK
999 _c602
_d602